000 00540nam a22001937a 4500
003 OSt
005 20140310182949.0
008 130206t xxu||||| |||| 00| 0 eng d
020 _a9712311392
050 _aLB 1051
_b.Aq657 1993
100 _aAquino, Gaudencio V.
245 _aEducational psychology /
_cGaudencio V. Aquino, Perpetua G. Razon
260 _aManila :
_bRex Book Store,
_c1993.
300 _a430 p. :
_c22 cm.
521 _aEDU
650 _aEducational psychology.
_xTextbooks.
942 _2lcc
_cBK
_kLOC
999 _c17873
_d17873